000 00321nam a22001337a 4500
008 171201b xxu||||| |||| 00| 0 eng d
020 _a9780314037077
041 _aeng
080 _a37
100 _a46
101 _aEDU
245 _aUNDERSTANDING STATISTICS IN THE BEHAVIORAL SCIENCES
_cPAGANO, R.R
942 _2udc
_cBK
999 _c38700
_d38700